Jurisprudencia al día: anuario 2007

Salvato in:
Dettagli Bibliografici
Natura: Libro
Lingua:spagnolo
Pubblicazione: Santiago Legal Publishing 2008
Edizione:1a. ed
Soggetti:
Tags: Aggiungi Tag
Nessun Tag, puoi essere il primo ad aggiungerne!!

MARC

LEADER 00000nam a2200000 a 4500
001 UCI9530
003 CL-VaPUC
008 081120e20080000CL |||||||||||||||||spa|d
020 |a 9789562387903o.c 
020 |a 9789562387910t.1 
020 |a 9789562387927t.2 
020 |a 9789562387934t.3 
082 0 4 |a 348.8304  |b JUR  |2 21 
245 1 0 |a Jurisprudencia al día: anuario 2007 
250 |a 1a. ed 
300 |a t 
942 |c BK 
945 |d 20081120 00:00:00  |a jtorresc 
260 |a Santiago  |b Legal Publishing  |c 2008 
500 |a t.1: Derecho Público. Derecho administrativo. Derecho constitucional. Derecho procesal penal 
500 |a t.2: Derecho Privado. Derecho civil. Derecho penal. Derecho procesal privado. Derecho internacional 
500 |a t.3: Derecho de la Empresa. Derecho laboral. Derecho tributario. Derecho comercial. Derecho de la libre competencia 
650 0 |a Jurisprudencia  |9 255952 
650 0 |a Poder judicial  |9 254871 
650 0 |a Jueces  |9 256162 
650 0 |a Corte suprema   |9 370023 
650 0 |a Tribunal constitucional   |9 255000 
651 7 |a CHILE  |2 CL-VaPUC  |9 533344 
583 |a last modification  |c 20081120 00:00:00  |k Rodrigo Vera 
999 |c 332054  |d 332052 
952 |0 0  |1 0  |4 0  |6 348_830400000000000_JUR_2008  |7 0  |8 F  |9 419414  |a BIBDER  |b BIBDER  |d 2019-11-22  |h t.1  |i 4498712  |o 348.8304 JUR 2008  |p 4498712  |r 2023-01-25  |w 2019-11-22  |y BK_F  |k DER 
952 |0 0  |1 0  |4 0  |6 348_830400000000000_JUR_2008  |7 0  |8 F  |9 419415  |a BIBDER  |b BIBDER  |d 2019-11-22  |h t.2  |i 4498720  |o 348.8304 JUR 2008  |p 4498720  |r 2023-01-25  |w 2019-11-22  |y BK_F  |k DER 
952 |0 0  |1 0  |4 0  |6 348_830400000000000_JUR_2008  |7 0  |8 F  |9 419416  |a BIBDER  |b BIBDER  |d 2019-11-22  |h t.3  |i 4498739  |o 348.8304 JUR 2008  |p 4498739  |r 2023-01-25  |w 2019-11-22  |y BK_F  |k DER